000 00648nam a2200229Ia 4500
003 OSt
005 20220923212113.0
006 a|||||r|||| 00| 0
007 ta
008 220922b |||||||| |||| 00| 0 hin d
024 _a150,731
037 _cTextual
040 _aARTS
_cARTS
_bhin
041 _2hin
_ahin
082 _aLA:4:60J, 152F0
100 _aमिश्र, शिवनारायण
245 0 _aवृक्ष विज्ञान
246 _aVṛukṣha vijnyāna
260 _c1920
942 _hLA:4:60J, 152F0
_cTEXL
_2CC
999 _c306411
_d306411